Estructuras andinas del poder: ideología religiosa y política
Saved in:
| Hovedforfatter: | |
|---|---|
| Format: | Bog |
| Sprog: | spansk |
| Udgivet: |
Lima
IEP
1986
|
| Udgivelse: | 2a. ed |
| Fag: | |
| Tags: |
Tilføj Tag
Ingen Tags, Vær først til at tagge denne postø!
|
MARC
| LEADER | 00000nam a2200000 a 4500 | ||
|---|---|---|---|
| 001 | UCX1492 | ||
| 003 | CL-VaPUC | ||
| 008 | 900903e19860000PE |||||||||||||||||spa|d | ||
| 082 | 0 | 4 | |a 985.01 |b ROS |2 21 |
| 100 | 0 | |a Rostworowski de Diez Canseco, María |e author |9 316993 | |
| 245 | 1 | 0 | |a Estructuras andinas del poder: ideología religiosa y política |
| 250 | |a 2a. ed | ||
| 300 | |a 202 p | ||
| 942 | |c BK | ||
| 945 | |d 19900903 00:00:00 | ||
| 260 | |a Lima |b IEP |c 1986 | ||
| 650 | 7 | |a INCAS |2 CL-VaPUC |9 256565 | |
| 650 | 0 | |a Política y gobierno |9 255151 | |
| 650 | 7 | |a INDIOS |2 CL-VaPUC |9 258588 | |
| 650 | 7 | |a MITOLOGIA INCAICA |2 CL-VaPUC |9 316994 | |
| 650 | 7 | |a RELIGION Y MITOLOGIA |2 CL-VaPUC |9 266891 | |
| 651 | 0 | |a América del Sur |9 260128 | |
| 583 | |a last modification |c 19900903 00:00:00 |k Rodrigo Vera | ||
| 999 | |c 222710 |d 222708 | ||
| 952 | |0 0 |1 0 |4 0 |6 985_010000000000000_ROS_1986 |7 0 |8 A |9 217840 |a BIBHIS |b BIBHIS |d 2019-11-15 |i 2866927 |o 985.01 ROS 1986 |p 2866927 |r 2025-01-20 |w 2019-11-15 |y BK |k HIS | ||